000 00580cam a22002053a 4500
001 44044
003 PGUSA
005 20140828084013.0
008 131026s2013||||xxu|||||s|||||000 | eng d
040 _aPGUSA
_beng
042 _adc
100 1 _aHeckethorn, Charles William
245 1 0 _aLondon Souvenirs
_h[electronic resource] /
_cCharles William Heckethorn
260 _bProject Gutenberg,
_c2013
506 _aPublic domain in the USA.
516 _aElectronic text
830 0 _aProject Gutenberg
_v44044
856 4 0 _uhttp://www.gutenberg.org/ebooks/44044
942 _cEB
999 _c273295
_d273295